| 000 | 00509nam a22001817a 4500 | ||
|---|---|---|---|
| 003 | CEME | ||
| 005 | 20210628202916.0 | ||
| 008 | 210128b xxu||||| |||| 00| 0 eng d | ||
| 020 | _a9-8141-2660-8 | ||
| 040 | _c. | ||
| 082 | _a621.38275 AGR | ||
| 100 |
_aAgrawal, Govind P _962257 |
||
| 245 | _aFiber optic communication systems | ||
| 260 |
_aNEW YORK _bJOHN WILEY _c2003 |
||
| 300 | _aXVII,546P | ||
| 650 |
_aCOMMUNICATION SYSTEMS-FIBER OPTIC.FIBER OPTIC COMMUNICATION SYSTEMS _962258 |
||
| 942 |
_cBK _2ddc |
||
| 999 |
_c571421 _d571421 |
||